| 000 | nam a22 7a 4500 | ||
|---|---|---|---|
| 999 |
_c127208 _d127208 |
||
| 008 | 171109b xxu||||| |||| 00| 0 eng d | ||
| 050 | _aKQC524.S73 1998 | ||
| 245 |
_aThe state and constitutionalism in southern Africa _cEdited by Owen Sichone |
||
| 260 |
_aHarare _bSapesbooks _c1998 |
||
| 300 |
_aiii, 90p. ; _c22cm. |
||
| 440 |
_aState and democracy series _926990 |
||
| 650 |
_aConstitutional law _xAfrica _937483 |
||
| 650 |
_aAfrica _xPolitics _y1960 _916763 |
||
| 700 |
_aSichone, Owen _eed. _937484 |
||
| 942 |
_2lcc _cMONOGRAPH |
||